| 000 | 00894pam a2200289 i 4500 | ||
|---|---|---|---|
| 001 | 121319 | ||
| 005 | 20230410115640.0 | ||
| 008 | 790307s1979 maua b 001 0 eng | ||
| 010 | _a78067951 | ||
| 020 | _a0201028247 | ||
| 040 |
_aDLC _cDLC _dDLC |
||
| 050 | 1 | 4 |
_aHF1411 _b.H55 1979 |
| 082 | 0 | 0 | _a382.1 |
| 100 | 1 | _aHogendorn, Jan S. | |
| 245 | 1 | 4 |
_aThe new international economics / _cJan S. Hogendorn, Wilson B. Brown. |
| 260 |
_aReading, Mass. : _bAddison-Wesley Pub. Co., _c1979. |
||
| 300 |
_a462 p. : _bill. ; _c24 cm. |
||
| 490 | 0 | _aAddison-Wesley series in economics | |
| 504 | _aIncluye referencias bibliográficas e indice. | ||
| 650 | 0 | _aInternational economic relations. | |
| 650 | 4 | _aCRV | |
| 650 | 4 | _aColección René Villarreal. | |
| 650 | 4 | _aLas relaciones económicas internacionales. | |
| 700 | 1 |
_aBrown, Wilson B., _d1938- |
|
| 942 |
_2lcc _cbk |
||
| 946 | _almd | ||
| 999 |
_c45322 _d45322 |
||